[Event "Albert Boxer mem."]
[Site "Winnipeg CAN"]
[Date "2016.03.02"]
[Round "1"]
[White "Bonness, Will"]
[Black "Baron, Gustav"]
[Result "1-0"]
[WhiteElo "1728"]
[BlackElo "2162"]
[PlyCount "111"]
[EventDate "2016.03.02"]
[EventType "swiss"]
[EventRounds "5"]
[EventCountry "CAN"]

1. e4 e6 2. d4 d5 3. Nc3 Nf6 4. Bg5 Be7 5. e5 Nfd7 6. Bxe7 Qxe7 7. f4 a6 8. Qd2
c5 9. dxc5 Nc6 10. Nf3 Nxc5 11. Nd4 Bd7 12. O-O-O b5 13. Nxc6 Bxc6 14. Qd4 O-O
15. Bd3 Rfb8 16. g4 b4 17. Ne2 a5 18. Kb1 a4 19. f5 b3 20. a3 bxc2+ 21. Bxc2
Bb5 22. Nc3 Bc4 23. f6 Qb7 24. Na2 Bb3 25. Nb4 Bxc2+ 26. Kxc2 Nb3 27. Qf2 Qc7+
28. Kb1 Qxe5 29. fxg7 Qxg7 30. h4 Na5 31. h5 Nc4 32. h6 Qg6+ 33. Ka2 Nd6 34.
Nc6 Rb7 35. Ne5 Qe4 36. Rhe1 Rab8 37. Rxe4 Nxe4 38. Qd4 f6 39. Nc6 Rxb2+ 40.
Qxb2 Rxb2+ 41. Kxb2 Kf7 42. Nd8+ Ke7 43. Nb7 Kd7 44. Rf1 Kc7 45. Nc5 Nxc5 46.
Rxf6 Kd6 47. Rf7 Nd3+ 48. Kc3 Ne5 49. Rg7 Kc5 50. g5 d4+ 51. Kd2 Nc4+ 52. Ke2
e5 53. Rxh7 e4 54. Rc7+ Kd5 55. Rxc4 d3+ 56. Kd2 1-0

[Event "Albert Boxer mem."]
[Site "Winnipeg CAN"]
[Date "2016.03.02"]
[Round "1"]
[White "Boron, Anthony"]
[Black "Leaden, Bruce"]
[Result "1-0"]
[WhiteElo "1951"]
[BlackElo "1548"]
[PlyCount "43"]
[EventDate "2016.03.02"]
[EventType "swiss"]
[EventRounds "5"]
[EventCountry "CAN"]

1. e4 e6 2. d4 d5 3. Nd2 Nc6 4. c3 Nf6 5. e5 Nd7 6. Bd3 f6 7. Qh5+ g6 8. Bxg6+
hxg6 9. Qxh8 fxe5 10. Ndf3 Qf6 11. Qxf6 Nxf6 12. Nxe5 Nxe5 13. dxe5 Nd7 14. f4
b6 15. Nf3 Ba6 16. Be3 Nc5 17. O-O-O O-O-O 18. Kc2 Be2 19. Rd2 Bxf3 20. gxf3
Be7 21. Rg2 Rg8 22. h4 1-0

[Event "Albert Boxer mem."]
[Site "Winnipeg CAN"]
[Date "2016.03.02"]
[Round "1"]
[White "Green, Jim"]
[Black "Korenbaum, Max"]
[Result "1-0"]
[WhiteElo "1867"]
[BlackElo "1295"]
[PlyCount "64"]
[EventDate "2016.03.02"]
[EventType "swiss"]
[EventRounds "5"]
[EventCountry "CAN"]

1. e4 e5 2. Nf3 Nc6 3. d4 Nf6 4. Bg5 h6 5. Bxf6 Qxf6 6. d5 Nb8 7. Qd3 b6 8. Qc3
a5 9. Qxc7 Qd8 10. Qxe5+ Qe7 11. Qxe7+ Bxe7 12. Bb5 O-O 13. O-O f5 14. e5 d6
15. e6 Bf6 16. c3 Bb7 17. Re1 Be7 18. c4 Na6 19. a3 Nc5 20. Nc3 Nd3 21. Re2 Nf4
22. Rc2 Rfc8 23. g3 Nd3 24. Rd1 Nc5 25. b4 axb4 26. axb4 Nb3 27. Kg2 Bf6 28.
Na4 Nd4 29. Nxd4 Bxd4 30. Re2 Ba6 31. Bxa6 Rxa6 32. Rxd4 Rxa4 1-0

[Event "Albert Boxer mem."]
[Site "Winnipeg CAN"]
[Date "2016.03.02"]
[Round "1"]
[White "Kernetsky, Myron"]
[Black "Czarny, Keith"]
[Result "1-0"]
[WhiteElo "2044"]
[BlackElo "1660"]
[PlyCount "69"]
[EventDate "2016.03.02"]
[EventType "swiss"]
[EventRounds "5"]
[EventCountry "CAN"]

1. d4 e6 2. c4 f5 3. g3 Nf6 4. Bg2 c6 5. Qc2 Bb4+ 6. Bd2 Bxd2+ 7. Nxd2 O-O 8.
Ngf3 d5 9. O-O Ne4 10. b3 Nd7 11. e3 Ndf6 12. a3 Qe7 13. c5 b6 14. b4 Ba6 15.
Rfe1 Ng4 16. Ne5 Ngxf2 17. Nxc6 Qg5 18. Ne5 Ng4 19. Ndf3 Qh6 20. Qb3 Nd2 21.
Qc3 Nc4 22. Nxc4 Bxc4 23. Rab1 bxc5 24. bxc5 Rab8 25. Rb4 a5 26. Rxb8 Rxb8 27.
h3 Nf6 28. Qxa5 Ne4 29. Qc7 Rf8 30. a4 f4 31. exf4 Nxg3 32. Qe5 Rf5 33. Qxe6+
Qxe6 34. Rxe6 Ne4 35. Kh2 1-0

[Event "Albert Boxer mem."]
[Site "Winnipeg CAN"]
[Date "2016.03.02"]
[Round "1"]
[White "Letain, Cory"]
[Black "Bince, Rolando"]
[Result "0-1"]
[WhiteElo "1646"]
[BlackElo "2018"]
[PlyCount "84"]
[EventDate "2016.03.02"]
[EventType "swiss"]
[EventRounds "5"]
[EventCountry "CAN"]

1. d4 Nf6 2. c4 e6 3. Nf3 Bb4+ 4. Bd2 c5 5. Bxb4 cxb4 6. g3 O-O 7. Nbd2 d5 8.
Bg2 Nc6 9. O-O b6 10. Rc1 Bb7 11. c5 b5 12. Qc2 Rc8 13. Rfd1 a5 14. e4 a4 15.
b3 Qc7 16. e5 axb3 17. Nxb3 Ne4 18. h4 h6 19. Rd3 f5 20. Nfd2 Nc3 21. Nb1 Ne4
22. N1d2 Ra8 23. Bxe4 fxe4 24. Re3 Qf7 25. Nf1 Ra3 26. Rce1 Rfa8 27. Ra1 Qh5
28. Nfd2 R3a6 29. Kh2 Ne7 30. c6 Rxc6 31. Nc5 Nf5 32. Qb3 Nxe3 33. Qxe3 Rxc5
34. dxc5 Qxe5 35. Rb1 Bc6 36. Rxb4 Rxa2 37. Nf3 Qf6 38. Nd4 Rxf2+ 39. Kh3 Bd7
40. c6 Bc8 41. g4 e5 42. Nf5 Rf3+ 0-1

[Event "Albert Boxer mem."]
[Site "Winnipeg CAN"]
[Date "2016.03.02"]
[Round "1"]
[White "Skop, Mike"]
[Black "Campbell, Jamie"]
[Result "1-0"]
[WhiteElo "1559"]
[BlackElo "1884"]
[PlyCount "65"]
[EventDate "2016.03.02"]
[EventType "swiss"]
[EventRounds "5"]
[EventCountry "CAN"]

1. e4 d6 2. Bc4 Nf6 3. d3 g6 4. c3 Bg7 5. Bg5 O-O 6. f4 h6 7. Bxf6 Bxf6 8. Nf3
Bg4 9. h4 e5 10. f5 gxf5 11. Nbd2 f4 12. Qe2 c6 13. Qf2 d5 14. Bb3 Na6 15. d4
exd4 16. Nxd4 Nc5 17. Bc2 Nxe4 18. Nxe4 dxe4 19. Qxf4 h5 20. O-O Bxh4 21. Qxe4
f5 22. Rxf5 Bxf5 23. Nxf5 Rxf5 24. Qxf5 Qb6+ 25. Kh1 Qf2 26. Qh7+ Kf8 27. Qh8+
Ke7 28. Qxa8 Qxc2 29. Qxb7+ Kf6 30. Qxc6+ Kg5 31. Qd5+ Kg4 32. Rd1 Bg3 33. Qf3+
1-0

[Event "Albert Boxer mem."]
[Site "Winnipeg CAN"]
[Date "2016.03.02"]
[Round "1"]
[White "Trueman, Francis"]
[Black "Wolchock, Theo"]
[Result "0-1"]
[WhiteElo "1485"]
[BlackElo "1948"]
[PlyCount "86"]
[EventDate "2016.03.02"]
[EventType "swiss"]
[EventRounds "5"]
[EventCountry "CAN"]

1. Nf3 d5 2. d3 Nf6 3. Nbd2 c5 4. a4 Nc6 5. g3 e6 6. Bg2 Be7 7. O-O O-O 8. Re1
b6 9. e4 Bb7 10. Qe2 Qc7 11. Nf1 dxe4 12. dxe4 Rfd8 13. Bd2 Rd7 14. Rad1 Rad8
15. Bf4 Qc8 16. Rxd7 Rxd7 17. Ne5 Nxe5 18. Bxe5 Ne8 19. h4 Bf6 20. Bxf6 Nxf6
21. g4 Qd8 22. g5 Ne8 23. e5 Bxg2 24. Kxg2 Rd4 25. Kh3 Qd5 26. f3 Rf4 27. Nh2
Rd4 28. Nf1 Nc7 29. b3 Qd8 30. Ne3 Nd5 31. Nxd5 Qxd5 32. Kg3 Kf8 33. c4 Qd8 34.
Qc2 Rd3 35. Re4 Rd2 36. Qc3 Qd3 37. Re3 Qd7 38. Re4 a5 39. Kg4 Rd1 40. Qe3 Rd3
41. Qe2 Rxb3 42. Qc2 Qd3 43. Re2 Qxf3# 0-1

[Event "Albert Boxer mem."]
[Site "Winnipeg CAN"]
[Date "2016.03.02"]
[Round "1"]
[White "Wiebe, Isaac"]
[Black "Atem, James"]
[Result "1-0"]
[WhiteElo "2210"]
[BlackElo "1827"]
[PlyCount "119"]
[EventDate "2016.03.02"]
[EventType "swiss"]
[EventRounds "5"]
[EventCountry "CAN"]

1. c4 g6 2. d4 Bg7 3. e4 c6 4. Nc3 d6 5. f3 Nf6 6. Be3 O-O 7. Nge2 Bd7 8. Qd2
Re8 9. Bh6 e5 10. Bxg7 Kxg7 11. O-O-O Qa5 12. Kb1 a6 13. g4 b5 14. Ng3 Be6 15.
d5 cxd5 16. cxd5 Bc8 17. h4 Nbd7 18. h5 Ng8 19. hxg6 fxg6 20. Qg5 Ndf6 21. Nf5+
Bxf5 22. gxf5 Ne7 23. Qh6+ Kf7 24. fxg6+ Nxg6 25. Bh3 Nf4 26. Be6+ Nxe6 27.
dxe6+ Rxe6 28. Nd5 Rg8 29. Rdg1 Rg6 30. Rxg6 hxg6 31. Nxf6 Rxf6 32. Qh7+ Kf8
33. Rc1 Rf7 34. Qh8+ Ke7 35. Qh4+ Ke6 36. Qh8 Qd2 37. Qe8+ Kf6 38. Qd8+ Kg7 39.
Rh1 Rf8 40. Qe7+ Rf7 41. Qh4 Qd3+ 42. Ka1 Rf8 43. Qh7+ Kf6 44. Rg1 g5 45. Rh1
Rf7 46. Qf5+ Ke7 47. Qxg5+ Kd7 48. Qg4+ Ke7 49. Rc1 Qxf3 50. Rc7+ Kf8 51. Rc8+
Ke7 52. Qg5+ Qf6 53. Qe3 Qf1+ 54. Rc1 Qf4 55. Qc3 Qxe4 56. Qc7+ Kf8 57. Qd8+
Kg7 58. Rg1+ Kh6 59. Qg5+ Kh7 60. Qh5# 1-0

[Event "Albert Boxer mem."]
[Site "Winnipeg CAN"]
[Date "2016.03.09"]
[Round "2"]
[White "Atem, James"]
[Black "Leaden, Bruce"]
[Result "1-0"]
[WhiteElo "1827"]
[BlackElo "1548"]
[PlyCount "71"]
[EventDate "2016.03.02"]
[EventType "swiss"]
[EventRounds "5"]
[EventCountry "CAN"]

1. d4 e6 2. e4 d5 3. e5 c5 4. c3 Nc6 5. Bb5 Bd7 6. Bxc6 bxc6 7. Nf3 cxd4 8.
cxd4 Bb4+ 9. Nc3 Ne7 10. O-O h6 11. Na4 O-O 12. a3 Ba5 13. Nc5 Bb6 14. b4 a5
15. Bd2 Bc8 16. Qc2 Bxc5 17. bxc5 Ba6 18. Rfb1 Bc4 19. Rb7 a4 20. Bc3 Bb3 21.
Qe2 Bc4 22. Qe1 Re8 23. Rb4 Ng6 24. g3 f6 25. Nd2 Bb5 26. f4 f5 27. Qe3 h5 28.
h4 Kf7 29. Nf3 Rg8 30. Rxb5 cxb5 31. Qe2 Qd7 32. Ng5+ Kf8 33. Qxh5 Nh8 34. c6
g6 35. Bb4+ Kg7 36. Qh7# 1-0

[Event "Albert Boxer mem."]
[Site "Winnipeg CAN"]
[Date "2016.03.09"]
[Round "2"]
[White "Baron, Gustav"]
[Black "Letain, Cory"]
[Result "1-0"]
[WhiteElo "2162"]
[BlackElo "1646"]
[PlyCount "44"]
[EventDate "2016.03.02"]
[EventType "swiss"]
[EventRounds "5"]
[EventCountry "CAN"]

1. d4 Nf6 2. c4 c5 3. d5 e5 4. Nc3 d6 5. g3 Be7 6. Bg2 Nbd7 7. e4 Nf8 8. Nge2
Ng6 9. O-O O-O 10. h3 h6 11. f4 exf4 12. Nxf4 Nh7 13. Qh5 Nxf4 14. gxf4 f5 15.
e5 dxe5 16. fxe5 Bg5 17. Bxg5 Nxg5 18. Rae1 f4 19. e6 Qe8 20. Qxe8 Rxe8 21. h4
Nxe6 22. dxe6 Bxe6 1-0

[Event "Albert Boxer mem."]
[Site "Winnipeg CAN"]
[Date "2016.03.09"]
[Round "2"]
[White "Bince, Rolando"]
[Black "Bonness, Will"]
[Result "1-0"]
[WhiteElo "2018"]
[BlackElo "1728"]
[PlyCount "144"]
[EventDate "2016.03.02"]
[EventType "swiss"]
[EventRounds "5"]
[EventCountry "CAN"]

1. d4 Nf6 2. c4 e6 3. Nf3 Bb4+ 4. Bd2 Bxd2+ 5. Nbxd2 O-O 6. e4 d6 7. Qb3 b6 8.
Bd3 Bb7 9. Rc1 c5 10. e5 Ne8 11. dxc5 dxe5 12. O-O Nd7 13. Qc2 f5 14. Be2 bxc5
15. Rfd1 Qe7 16. Qc3 e4 17. Ne5 Nef6 18. f4 Nxe5 19. Qxe5 Nd7 20. Qc7 Bc8 21.
Nf1 Re8 22. Ne3 Nb6 23. Qxe7 Rxe7 24. Rd8+ Kf7 25. Rh8 Kg6 26. h4 Bb7 27. h5+
Kh6 28. g4 g6 29. Rxa8 Bxa8 30. Kf2 Kg7 31. Rg1 Kf7 32. hxg6+ hxg6 33. Rh1 Rd7
34. b3 Rd2 35. Rh7+ Kg8 36. Rxa7 Rd7 37. Ra6 Rd6 38. b4 Bb7 39. Ra7 Rd7 40.
gxf5 gxf5 41. b5 Bc8 42. Rxd7 Bxd7 43. Bd1 Kf7 44. a4 e5 45. Kg3 Ke6 46. a5
exf4+ 47. Kxf4 Nxc4 48. Bb3 Bxb5 49. Bxc4+ Bxc4 50. Nxc4 Kd7 51. Kxf5 e3 52.
Nxe3 Kc6 53. Ke4 Kb5 54. Nc4 Ka6 55. Kd3 Kb5 56. Kc3 Ka6 57. Kb2 Kb5 58. Kb3
Ka6 59. Ka4 Ka7 60. Kb5 Kb7 61. Kxc5 Ka6 62. Kc6 Ka7 63. Kb5 Kb7 64. Ne5 Ka7
65. a6 Ka8 66. Kb6 Kb8 67. Nd3 Ka8 68. Nc1 Kb8 69. Na2 Ka8 70. Nc3 Kb8 71. Nb5
Ka8 72. Nc7+ Kb8 1-0

[Event "Albert Boxer mem."]
[Site "Winnipeg CAN"]
[Date "2016.03.09"]
[Round "2"]
[White "Czarny, Keith"]
[Black "Trueman, Francis"]
[Result "1-0"]
[WhiteElo "1660"]
[BlackElo "1485"]
[PlyCount "75"]
[EventDate "2016.03.02"]
[EventType "swiss"]
[EventRounds "5"]
[EventCountry "CAN"]

1. Nf3 d6 2. e4 Nd7 3. d4 e5 4. dxe5 dxe5 5. Bc4 h6 6. O-O Ngf6 7. Nc3 Bc5 8.
Be3 Bxe3 9. fxe3 O-O 10. Qe2 c6 11. Rad1 Qc7 12. Nd2 a5 13. a4 Nc5 14. h3 b6
15. Rf2 Na6 16. Rdf1 Nc5 17. Qf3 Ne6 18. Qg3 Kh7 19. Nf3 Nc5 20. Qxe5 Ra7 21.
Qxc7 Rxc7 22. e5 Nfe4 23. Nxe4 Nxe4 24. Bd3 Bf5 25. Ng5+ hxg5 26. Rxf5 g6 27.
R5f3 Nd2 28. e6 Nxf3+ 29. Rxf3 f5 30. e4 f4 31. Rf2 Rb7 32. Bc4 b5 33. axb5
cxb5 34. Bd5 Rc7 35. Rd2 f3 36. gxf3 Rxf3 37. Kg2 Rf8 38. Bb3 {White won in 55}
1-0

[Event "Albert Boxer mem."]
[Site "Winnipeg CAN"]
[Date "2016.03.09"]
[Round "2"]
[White "Green, Jim"]
[Black "Kernetsky, Myron"]
[Result "1/2-1/2"]
[WhiteElo "1867"]
[BlackElo "2044"]
[PlyCount "134"]
[EventDate "2016.03.02"]
[EventType "swiss"]
[EventRounds "5"]
[EventCountry "CAN"]

1. e4 e6 2. b3 d5 3. Bb2 Nf6 4. exd5 exd5 5. Nf3 Be7 6. Be2 O-O 7. O-O Nbd7 8.
h3 Re8 9. Nc3 c6 10. a4 Bd6 11. Re1 Nc5 12. Bf1 Bd7 13. Rxe8+ Qxe8 14. Ne2 Qe7
15. Ned4 a5 16. d3 Re8 17. Qd2 Qd8 18. Re1 Qc7 19. Rxe8+ Nxe8 20. Qe1 Nf6 21.
Bc3 b6 22. Bd2 h6 23. Qc1 Nh7 24. Be3 Qd8 25. Bf4 Qf6 26. Bxd6 Qxd6 27. Qe3 f6
28. g4 Nf8 29. Nh4 Kf7 30. f4 Ng6 31. Nxg6 Kxg6 32. Nf3 Kf7 33. f5 Qg3+ 34. Bg2
Qd6 35. Kf2 h5 36. Nh4 hxg4 37. hxg4 Be8 38. Ng6 Qc7 39. Kg1 Qd6 40. Kf2 Nd7
41. d4 Nf8 42. Nf4 Bd7 43. c4 dxc4 44. bxc4 g5 45. fxg6+ Nxg6 46. Nxg6 Kxg6 47.
c5 bxc5 48. dxc5 Qc7 49. Qe4+ Kg5 50. Bf3 Qf4 51. Qe3 Bxg4 52. Qxf4+ Kxf4 53.
Bxc6 Ke5 54. Kg3 Be6 55. Bb5 Kd5 56. c6 Kd6 57. Kf4 Bd5 58. c7 Kxc7 59. Kf5 Bc6
60. Kxf6 Bxb5 61. Ke5 Kc6 62. Kd4 Bxa4 63. Kc3 Kc5 64. Kb2 Kb4 65. Ka1 Bb3 66.
Kb2 a4 67. Ka1 a3 1/2-1/2

[Event "Albert Boxer mem."]
[Site "Winnipeg CAN"]
[Date "2016.03.09"]
[Round "2"]
[White "Remillard, John"]
[Black "Magyar, Peter"]
[Result "1-0"]
[WhiteElo "1689"]
[BlackElo "1489"]
[PlyCount "109"]
[EventDate "2016.03.02"]
[EventType "swiss"]
[EventRounds "5"]
[EventCountry "CAN"]

1. Nf3 Nf6 2. g3 e6 3. Bg2 c5 4. c4 d6 5. Nc3 a6 6. O-O Be7 7. d4 Nbd7 8. dxc5
Nxc5 9. b4 Ncd7 10. Bb2 O-O 11. Qc2 Qc7 12. Nd2 Rb8 13. Rac1 b6 14. Nce4 d5 15.
Nxf6+ Nxf6 16. a3 Bb7 17. cxd5 Qxc2 18. Rxc2 Bxd5 19. Rfc1 b5 20. Bxd5 Nxd5 21.
Rc6 Ra8 22. Nb3 Bg5 23. f4 Bd8 24. Bd4 Ne7 25. R6c2 Nf5 26. Bf2 Nd6 27. Bc5 Be7
28. Rd1 Rfd8 29. Bxd6 Bxd6 30. Rcd2 Bc7 31. Kg2 g6 32. Nc5 Rxd2 33. Rxd2 a5 34.
Rd7 Bd8 35. Rb7 axb4 36. axb4 Bf6 37. Rxb5 Ra2 38. Kf3 Rb2 39. Nd3 Rb3 40. Rb8+
Kg7 41. b5 Bd4 42. Ke4 Ba7 43. Rb7 Bg1 44. h3 Kf8 45. e3 f5+ 46. Kd4 Bh2 47. g4
Ra3 48. gxf5 Ra4+ 49. Ke5 exf5 50. Kf6 Re4 51. Rxh7 Kg8 52. Rg7+ Kf8 53. b6
Rxe3 54. b7 Re8 55. Rc7 1-0

[Event "Albert Boxer mem."]
[Site "Winnipeg CAN"]
[Date "2016.03.09"]
[Round "2"]
[White "Skop, Mike"]
[Black "Boron, Anthony"]
[Result "1/2-1/2"]
[WhiteElo "1559"]
[BlackElo "1951"]
[PlyCount "72"]
[EventDate "2016.03.02"]
[EventType "swiss"]
[EventRounds "5"]
[EventCountry "CAN"]

1. e4 c5 2. Bc4 e6 3. c3 a6 4. Bb3 Nc6 5. d3 Nf6 6. Bg5 Be7 7. f4 d6 8. Nd2 h6
9. Bxf6 Bxf6 10. Ngf3 b5 11. O-O Bd7 12. Qe1 Qc7 13. Qg3 Rg8 14. Rae1 Be7 15.
f5 O-O-O 16. fxe6 Bxe6 17. d4 Bxb3 18. axb3 Rdf8 19. b4 Kb7 20. Ra1 cxd4 21.
Nxd4 Qb6 22. N2b3 Nxd4 23. cxd4 Bf6 24. Kh1 Re8 25. e5 dxe5 26. Nc5+ Ka7 27.
Rxa6+ Qxa6 28. Nxa6 Kxa6 29. Ra1+ Kb6 30. d5 Ra8 31. Qe3+ Kb7 32. Rc1 Bg5 33.
Qc5 Bxc1 34. Qxb5+ Ka7 35. Qc5+ Kb7 36. Qc6+ Ka7 1/2-1/2

[Event "Albert Boxer mem."]
[Site "Winnipeg CAN"]
[Date "2016.03.09"]
[Round "2"]
[White "Wolchock, Theo"]
[Black "Wiebe, Isaac"]
[Result "0-1"]
[WhiteElo "1948"]
[BlackElo "2210"]
[PlyCount "120"]
[EventDate "2016.03.02"]
[EventType "swiss"]
[EventRounds "5"]
[EventCountry "CAN"]

1. c4 b6 2. g3 Bb7 3. Nf3 Nf6 4. Bg2 e6 5. O-O Be7 6. Nc3 O-O 7. d3 c5 8. Qc2
Nc6 9. b3 d5 10. Bb2 Qd7 11. Rad1 d4 12. Nb1 e5 13. e3 Qf5 14. Rfe1 dxe3 15.
Nxe5 Nb4 16. Qe2 Bxg2 17. Kxg2 Bd6 18. Qf3 Qxf3+ 19. Nxf3 exf2 20. Kxf2 Ng4+
21. Kg2 Nc2 22. Nc3 Nce3+ 23. Kg1 Nxd1 24. Rxd1 Rfe8 25. Ne4 Be5 26. Nxe5 Nxe5
27. Nd6 Re6 28. Nf5 Rd8 29. d4 Nf3+ 30. Kf2 Nxd4 31. Nxd4 cxd4 32. Rxd4 Rxd4
33. Bxd4 g6 34. c5 Kf8 35. b4 b5 36. Be3 Ke8 37. Ke2 Kd7 38. Kd3 Kc6 39. Bf4
Kd5 40. a3 a6 41. Bd2 f5 42. Bf4 Re1 43. Kc3 Rh1 44. h4 Re1 45. Bg5 Ra1 46. Kb2
Rf1 47. Bf4 Rf3 48. Ka2 Rc3 49. Kb2 Rc4 50. Bg5 Ke4 51. Bf4 Kf3 52. Bd6 Kg4 53.
Bf4 Kh5 54. Be5 h6 55. Bf4 g5 56. hxg5 hxg5 57. Be5 Kg4 58. Kb3 f4 59. gxf4
gxf4 60. a4 f3 0-1

[Event "Albert Boxer mem."]
[Site "Winnipeg CAN"]
[Date "2016.03.15"]
[Round "3"]
[White "Atem, James"]
[Black "Baron, Gustav"]
[Result "0-1"]
[WhiteElo "1827"]
[BlackElo "2162"]
[PlyCount "103"]
[EventDate "2016.03.02"]
[EventType "swiss"]
[EventRounds "5"]
[EventCountry "CAN"]

1. d4 e6 2. e4 d5 3. exd5 exd5 4. Bd3 Nf6 5. Bg5 Be7 6. Ne2 Bg4 7. f3 Bh5 8. c3
c6 9. Nd2 Nbd7 10. Nf4 Bg6 11. Nxg6 hxg6 12. Qe2 O-O 13. O-O-O b5 14. Rde1 Re8
15. a3 a5 16. Qf2 b4 17. cxb4 axb4 18. axb4 Qb6 19. Kc2 Qxb4 20. Ra1 Rab8 21.
Rhb1 c5 22. Bf4 Rbc8 23. Ba6 Rc6 24. Kd1 cxd4 25. Bd3 Nh5 26. Bg3 Bg5 27. f4
Rf6 28. Nf3 Nxf4 29. Bxf4 Rxf4 30. Qd2 Qxd2+ 31. Nxd2 Ne5 32. Ra3 Rf2 33. Nf3
Nxf3 34. gxf3 Rd2+ 35. Kc1 Rxd3+ 36. Kc2 Rd2+ 37. Kb3 Rb8+ 38. Ka4 Rdxb2 39.
Rxb2 Rxb2 40. Rd3 Be3 41. h4 Kf8 42. Rd1 Ke7 43. Rh1 Kd6 44. h5 gxh5 45. Rxh5
Kc5 46. Rh8 Kc4 47. Rc8+ Kd3 48. Rd8 Ke2 49. Rxd5 d3 50. Ka3 Rb7 51. f4 d2 52.
Rd8 0-1

[Event "Albert Boxer mem."]
[Site "Winnipeg CAN"]
[Date "2016.03.15"]
[Round "3"]
[White "Bonness, Will"]
[Black "Wolchock, Theo"]
[Result "1/2-1/2"]
[WhiteElo "1728"]
[BlackElo "1948"]
[PlyCount "71"]
[EventDate "2016.03.02"]
[EventType "swiss"]
[EventRounds "5"]
[EventCountry "CAN"]

1. e4 c5 2. Nc3 e6 3. f4 Nc6 4. Nf3 g6 5. Bb5 Bg7 6. O-O Nge7 7. d3 O-O 8. Qe1
Nd4 9. Ba4 f5 10. e5 Nec6 11. Be3 d6 12. exd6 Qxd6 13. Qf2 Nxf3+ 14. Qxf3 Nd4
15. Qf2 e5 16. fxe5 Bxe5 17. Bf4 Bxf4 18. Qxf4 Qxf4 19. Rxf4 a6 20. Re1 b5 21.
Bb3+ Nxb3 22. axb3 Bb7 23. Rf2 Kf7 24. Rfe2 Rfe8 25. Kf2 Rxe2+ 26. Rxe2 Re8 27.
Rxe8 Kxe8 28. g3 Ke7 29. Ke3 Kd6 30. Ne2 Bd5 31. c4 Bf7 32. Nc3 b4 33. Ne2 g5
34. d4 Bh5 35. dxc5+ Kxc5 36. Nd4 1/2-1/2

[Event "Albert Boxer mem."]
[Site "Winnipeg CAN"]
[Date "2016.03.15"]
[Round "3"]
[White "Kernetsky, Myron"]
[Black "Skop, Mike"]
[Result "1-0"]
[WhiteElo "2044"]
[BlackElo "1559"]
[PlyCount "69"]
[EventDate "2016.03.02"]
[EventType "swiss"]
[EventRounds "5"]
[EventCountry "CAN"]

1. d4 e5 2. dxe5 f6 3. Nf3 Nc6 4. e4 fxe5 5. Bc4 Nf6 6. Ng5 d5 7. exd5 Na5 8.
Bb5+ c6 9. dxc6 Qxd1+ 10. Kxd1 Nxc6 11. Re1 Bg4+ 12. f3 O-O-O+ 13. Nd2 Bh5 14.
Bxc6 bxc6 15. Ke2 Bb4 16. c3 Ba5 17. Nge4 Bb6 18. Kf1 Nxe4 19. Nxe4 Rd3 20. Ke2
Rhd8 21. Bg5 R8d7 22. Rad1 Rxd1 23. Rxd1 Rxd1 24. Kxd1 Kd7 25. Ke2 Ke6 26. Kd3
h6 27. Be3 Bg6 28. c4 Bxe3 29. Kxe3 Bxe4 30. Kxe4 c5 31. h4 g5 32. hxg5 hxg5
33. b3 a6 34. a3 a5 35. g4 1-0

[Event "Albert Boxer mem."]
[Site "Winnipeg CAN"]
[Date "2016.03.15"]
[Round "3"]
[White "Leaden, Bruce"]
[Black "Trueman, Francis"]
[Result "1/2-1/2"]
[WhiteElo "1548"]
[BlackElo "1485"]
[PlyCount "98"]
[EventDate "2016.03.02"]
[EventType "swiss"]
[EventRounds "5"]
[EventCountry "CAN"]

1. e4 d6 2. Nf3 Nf6 3. d3 g6 4. Be2 Bg7 5. Nc3 O-O 6. h3 Nbd7 7. Be3 c6 8. Qd2
Re8 9. Bh6 e5 10. Bxg7 Kxg7 11. h4 Nf8 12. Nh2 Ne6 13. g4 Nf4 14. O-O-O Qd7 15.
g5 Nxe2+ 16. Nxe2 Nh5 17. f4 f5 18. gxf6+ Kxf6 19. f5 Kf7 20. fxg6+ hxg6 21.
Rdf1+ Ke6 22. Rhg1 Rg8 23. d4 Qe7 24. d5+ Kd7 25. Nf3 cxd5 26. Ng5 Nf6 27. exd5
b6 28. c4 Rh8 29. Rh1 Ke8 30. Nc3 Bf5 31. Nb5 Rc8 32. b3 Ne4 33. Nxe4 Bxe4 34.
Rh2 Rc5 35. Kb2 a6 36. Nc3 Bf5 37. Qf2 e4 38. Re1 Qg7 39. Qf4 Kd7 40. h5 Rxh5
41. Rxh5 gxh5 42. Qxf5+ Kc7 43. Qxh5 b5 44. Qe2 b4 45. Qe3 bxc3+ 46. Qxc3 Qg2+
47. Qc2 Qg7+ 48. Qc3 Qg2+ 49. Qc2 Qg7+ 1/2-1/2

[Event "Albert Boxer mem."]
[Site "Winnipeg CAN"]
[Date "2016.03.15"]
[Round "3"]
[White "Letain, Cory"]
[Black "Czarny, Keith"]
[Result "1-0"]
[WhiteElo "1646"]
[BlackElo "1660"]
[PlyCount "71"]
[EventDate "2016.03.02"]
[EventType "swiss"]
[EventRounds "5"]
[EventCountry "CAN"]

1. d4 e6 2. e4 d5 3. exd5 exd5 4. Nf3 Nc6 5. Bb5 a6 6. Bxc6+ bxc6 7. O-O Bd6 8.
Re1+ Ne7 9. Bg5 O-O 10. Nbd2 f6 11. Bh4 Nf5 12. c3 Nxh4 13. Nxh4 f5 14. Nhf3
Rf6 15. Ne5 Rh6 16. Ndf3 Qf6 17. Qd2 c5 18. Qg5 cxd4 19. cxd4 Qxg5 20. Nxg5 Rh5
21. Ngf3 g5 22. h3 g4 23. hxg4 fxg4 24. Nh2 Rg5 25. Nc6 g3 26. fxg3 Bxg3 27.
Re8+ Kg7 28. Re7+ Kh6 29. Rf1 Bf5 30. Ne5 Bxe5 31. Rxe5 Be4 32. Nf3 Bxf3 33.
Rxf3 Rag8 34. Rh3+ Kg6 35. Rxg5+ Kxg5 36. Rg3+ 1-0

[Event "Albert Boxer mem."]
[Site "Winnipeg CAN"]
[Date "2016.03.15"]
[Round "3"]
[White "Wiebe, Isaac"]
[Black "Bince, Rolando"]
[Result "0-1"]
[WhiteElo "2210"]
[BlackElo "2018"]
[PlyCount "76"]
[EventDate "2016.03.02"]
[EventType "swiss"]
[EventRounds "5"]
[EventCountry "CAN"]

1. Nf3 d5 2. c4 d4 3. b4 c5 4. e3 Bg4 5. h3 Bxf3 6. Qxf3 e5 7. Qxb7 Nd7 8. bxc5
Bxc5 9. Na3 Rb8 10. Qa6 Rb6 11. Qa4 Ngf6 12. Be2 O-O 13. O-O Qc8 14. Rb1 Rxb1
15. Nxb1 Qb7 16. Ba3 Rb8 17. exd4 exd4 18. Bf3 Qc7 19. d3 Ne5 20. Be2 Bxa3 21.
Qxa3 Nfd7 22. Nd2 Nc5 23. Nf3 Nxf3+ 24. Bxf3 g6 25. Re1 Kg7 26. Bd5 a5 27. Rd1
a4 28. Qc1 h6 29. Qa3 Qa5 30. Bc6 Qb4 31. Qc1 Rb6 32. Bd5 Qb2 33. Qd2 a3 34.
Kf1 Na4 35. c5 Qxd2 36. Rxd2 Rb1+ 37. Ke2 Nc3+ 38. Kf3 Rb2 0-1

[Event "Albert Boxer mem."]
[Site "Winnipeg CAN"]
[Date "2016.03.22"]
[Round "4"]
[White "Baron, Gustav"]
[Black "Green, Jim"]
[Result "1-0"]
[WhiteElo "2162"]
[BlackElo "1867"]
[PlyCount "96"]
[EventDate "2016.03.02"]
[EventType "swiss"]
[EventRounds "5"]
[EventCountry "CAN"]

1. d4 d5 2. c4 c6 3. Nc3 Nf6 4. cxd5 cxd5 5. Bf4 Nc6 6. e3 a6 7. Bd3 g6 8. Nf3
Bg7 9. h3 O-O 10. O-O b5 11. Rc1 Bb7 12. a4 b4 13. Nb1 Rc8 14. Nbd2 Na5 15. Qe2
Qb6 16. Ne5 Rfd8 17. g4 Nd7 18. Nxd7 Rxd7 19. Rxc8+ Bxc8 20. Rc1 Bb7 21. Qd1 f6
22. Nf3 e6 23. Qc2 Nc6 24. Bf1 e5 25. dxe5 fxe5 26. Bg3 d4 27. e4 h6 28. Bd3
Kh7 29. Qc5 Qxc5 30. Rxc5 Rf7 31. Nxe5 Nxe5 32. Bxe5 Bxe5 33. Rxe5 Kg7 34. Kg2
g5 35. b3 Rd7 36. Kf1 Kf6 37. Rf5+ Kg6 38. f3 Rf7 39. e5 Kg7 40. Bc4 Rxf5 41.
gxf5 a5 42. Ke2 Bc8 43. f6+ Kg6 44. f7 Kg7 45. e6 Kf8 46. Kd3 Bb7 47. Kxd4 Bxf3
48. Ke5 Ke7 1-0

[Event "Albert Boxer mem."]
[Site "Winnipeg CAN"]
[Date "2016.03.22"]
[Round "4"]
[White "Bince, Rolando"]
[Black "Kernetsky, Myron"]
[Result "1-0"]
[WhiteElo "2018"]
[BlackElo "2044"]
[PlyCount "77"]
[EventDate "2016.03.02"]
[EventType "swiss"]
[EventRounds "5"]
[EventCountry "CAN"]

1. c4 e5 2. Nc3 Nc6 3. g3 f5 4. Bg2 Nf6 5. e3 d6 6. Nge2 Be7 7. a3 O-O 8. d4 e4
9. Nf4 a6 10. b4 Qe8 11. Bb2 Bd8 12. h4 Ne7 13. h5 c6 14. d5 Bc7 15. Bf1 Rb8
16. Be2 Qf7 17. Qd2 Bd7 18. O-O-O cxd5 19. Ncxd5 Nfxd5 20. Nxd5 Nxd5 21. Qxd5
Qxd5 22. Rxd5 Be6 23. Rd2 Rbc8 24. Rhd1 Bb8 25. Rc2 Rc6 26. Kb1 Rfc8 27. Rdc1
Kf7 28. Bd4 Kg8 29. a4 Kf7 30. b5 axb5 31. axb5 R6c7 32. Kb2 Re8 33. Ka3 Rcc8
34. b6 Red8 35. Kb4 Rc6 36. f4 Re8 37. Rc3 Kf8 38. Bd1 Kg8 39. Ba4 1-0